000 01299nam a22003737a 4500
003 CHAP
005 20220329142143.0
008 000118d mx r 00110 spa d
010 _a79296
011 _a80268
035 _a90717
040 _cCHAP
090 _aTesis
100 0 0 _aRafael Valdéz, Efraín.
_993725
245 1 0 _aProducción y comercialización del mango de México
_c/por Efraín Rafael Valdéz
260 _aChapingo, Méx. :
_bEl autor,
_c1999.
300 _a110 h. :
_bgráfs.
502 _aTesis (Lic. en Economía Agrícola) -- UACH. División de Ciencias Económico Administrativas
590 _aALEPH
_b10
_c20130110
_lUCH01
_h1430
590 _aBATCH-UPD
_b10
_c20130110
_lUCH01
_h0756
590 _aBATCH-UPD
_b10
_c20130410
_lUCH01
_h0435
590 _aBATCH-UPD
_b10
_c20130914
_lUCH01
_h1743
590 _aCONVERSION
_b10
_c20130109
_lUCH01
_h1344
650 1 4 _aMango
_xExportación.
_970415
650 1 4 _aMango
_xMercadeo.
_970434
650 1 4 _aMango
_xMéxico.
_970437
650 1 4 _aMango
_xRendimiento.
_970455
901 _aBK
905 _aAlejandra Carrasco M.
942 _cFOLL
949 _bBC
_cTES
_d33724000745188
_eTS2
_fc.2
_h34829
_i90717
_si
949 _bBC
_cTES
_d33724000762381
_eTS2
_fc.3
_h35789
_i90717
_si
949 _bBC
_cTES
_d907171
_eTS1
_h34828
_i90717
_sb
999 _c79296
_d79296